000
00298nam a22001337a 4500
008
180222b xxu||||| |||| 00| 0 eng d
020
_a
9781882742240
041
_a
eng
080
_a
617
100
_a
8
101
_a
ORT
245
_a
Tarascon pocket orthipeadica
_c
Rispoli,D.M
942
_2
udc
_c
BK
999
_c
43122
_d
43122